TV Characters with the Same Name II Quiz Stats

 Plays Quiz Updated Sep 28, 2018

Score 0/20 Timer 06:00
3 Plays Today
% Correct
Joey (Friends, Dawson's Creek)
93.1%
Sheldon (SpongeBob SquarePants, The Big Bang Theory)
89.4%
George (The Jetsons, Arrested Development)
86.8%
Michael (The Office, Knight Rider)
85.8%
Cosmo (Seinfeld, The Fairly OddParents)
84%
Will (Stranger Things, Will & Grace)
83%
Phil (Modern Family, The Fresh Prince of Bel-Air)
81.6%
Zack (Saved by the Bell, The Suite Life of Zack & Cody)
80.9%
Larry (Perfect Strangers, Curb Your Enthusiasm)
75.2%
Rick (Rick & Morty, The Walking Dead)
67.9%
% Correct
DJ (Roseanne, Full House)
67.7%
Ted (How I Met Your Mother, Better Off Ted)
67.1%
Eric (True Blood, That '70s Show)
66.6%
Nick (New Girl, Jonas)
64.5%
Amy (Doctor Who, Brooklyn Nine-Nine)
60.1%
Ben (Parks & Recreation, Community)
59.4%
Olivia (Scandal, Fringe)
58.3%
Finn (Adventure Time, Glee)
58.2%
Kelly (Charlie's Angels, Married...with Children)
55.8%
Harriet (Family Matters, Little House on the Prairie)
37.2%

You're not logged in!

Compare scores with friends on all Sporcle quizzes.
OR
Log In

Sporcle TV

Today on Sporcle TV


Watch our educational content, quiz creation guides, and fun videos on Sporcle TV.

Show Comments

Extras

Top Quizzes Today


Score Distribution

Your Account Isn't Verified!

In order to create a playlist on Sporcle, you need to verify the email address you used during registration. Go to your Sporcle Settings to finish the process.

Report this User

Report this user for behavior that violates our Community Guidelines.

Details: